Manual del buceador moderno: El arte y las técnicas placeres y aprovechamiento equipos caza con arpon habilidad y las normas de seguridad de la marina de los Estados Unidos de Norteamérica (Record no. 20478)

MARC details
000 -LEADER
campo de control de longitud fija 00530nam a2200145Ia 4500
008 - DATOS DE LONGITUD FIJA--INFORMACIÓN GENERAL
campo de control de longitud fija 231129s1981||||xx |||||||||||||| ||spa||
020 ## - NÚMERO INTERNACIONAL ESTÁNDAR DEL LIBRO
Número Internacional Estándar del Libro 968-13-1018-7
040 ## - FUENTE DE CATALOGACIÓN
Lengua de catalogación spa
082 ## - NÚMERO DE LA CLASIFICACIÓN DECIMAL DEWEY
Número de clasificación 797.202 L285m
100 ## - ENTRADA PRINCIPAL--NOMBRE DE PERSONA
Nombre de persona Lee Owen
245 #0 - MENCIÓN DEL TÍTULO
Título Manual del buceador moderno: El arte y las técnicas placeres y aprovechamiento equipos caza con arpon habilidad y las normas de seguridad de la marina de los Estados Unidos de Norteamérica
260 ## - PUBLICACIÓN, DISTRIBUCIÓN, ETC.
Fecha de publicación, distribución, etc. 1981
264 ## - PRODUCCIÓN, PUBLICACIÓN, DISTRIBUCIÓN, FABRICACIÓN Y COPYRIGHT
Producción, publicación, distribución, fabricación y copyright Diana
942 ## - ELEMENTOS DE ENTRADA SECUNDARIOS (KOHA)
Fuente del sistema de clasificación o colocación Clasificación Decimal Dewey
Tipo de ítem Koha
Holdings
Estatus retirado Estado de pérdida Fuente del sistema de clasificación o colocación Estado de daño No para préstamo Biblioteca de origen Biblioteca actual Fecha de adquisición Total de préstamos Signatura topográfica completa Código de barras Visto por última vez Copia número Precio de reemplazo Tipo de ítem Koha
    Clasificación Decimal Dewey     BIBLIOTECA PÚBLICA MUNICIPAL RAMON CORREA MEJIA BIBLIOTECA PÚBLICA MUNICIPAL RAMON CORREA MEJIA 31/05/2010   797.202 L285m 17614 29/11/2023 1 29/11/2023 Libros

Powered by Koha